13. Me Falta Algo - Quevedo - Estadísticas

Estadísticas generales
  • Esta prueba ha sido intentada 87 veces
  • La puntuación promedio es 327 de 387
Estadísticas de respuestas
% Correcto
a
100%
al
100%
algo
100%
el
100%
El
100%
En
100%
en
100%
falta
100%
G
100%
hotel
100%
La
100%
la
100%
Mami
100%
mami
100%
me
100%
Me
100%
avión
98%
las
98%
los
98%
96%
Si
96%
si
96%
un
96%
cigarro
93%
Cuando
93%
cuando
93%
fumando
93%
giras
93%
no
93%
No
93%
es
91%
Llorando
91%
llorando
91%
y
91%
aquellos
89%
está
89%
esta
89%
momento'
89%
pienso
89%
silencio
89%
aire
87%
pa
87%
por
87%
Por
87%
que
87%
Que
87%
tu
87%
87%
87%
compromiso
84%
de
84%
éramos
84%
luna
84%
mi
84%
se
84%
84%
solo
84%
ti
84%
tiempo'
84%
tiempo
84%
yo
84%
distintos
82%
eran
82%
estás
82%
evento'
82%
Lo'
82%
otros
82%
pero
82%
Pero
82%
soy
82%
to
82%
mis
80%
ni
80%
ser
80%
sola
80%
zona
80%
edificio'
78%
son
78%
Te
78%
te
78%
alba
76%
Aquellas
76%
bonitas
76%
Cafuné
76%
doble
76%
duele
76%
enamoraste
76%
follamos
76%
fueron
76%
hueco
76%
mágicas
76%
mitad
76%
Netflix
76%
noches
76%
parque
76%
veces
76%
alcohol
73%
canción
73%
conoces
73%
débiles
73%
dedicarte
73%
fama
73%
fondo
73%
frágiles
73%
frías
73%
llena
73%
momentos
73%
puede
73%
punto'
73%
quien
73%
Quiero
73%
Siento
73%
siento
73%
trágica
73%
vemos
73%
acostumbraste
71%
haciéndome
71%
hijo
71%
nombre
71%
ponga
71%
seas
71%
solamente
71%
sonando
71%
todo
71%
veía
71%
vicios
71%
after
69%
ángeles
69%
estar
69%
juré
69%
respalda
69%
yeah
69%
Yeah
69%
parce
67%
paseamos
67%
preferías
67%
recuerdos
67%
redes
67%
Rezándole
67%
salen
67%
terminé
67%
Todas
67%
dejaría
64%
mal
64%
cerca
62%
Conciertos
62%
Corona
62%
Dormí
62%
duermo
62%
entre
62%
eso
62%
hace
62%
tengo
62%
bien
60%
decías
60%
dos
60%
horas
60%
juntos
60%
normal
60%
viajo
60%
ya
60%
acostumbrarse
58%
estamos
58%
grande
58%
habrá
58%
letra
58%
alcance
56%
cama
56%
cómo
56%
escribí
56%
haces
56%
mamá
56%
anoche
53%
hablamos
53%
llamar
53%
explicarte
51%
Porque
51%
ansiedad
49%
aprieta
49%
bebé
49%
ligados
49%
van
49%
tienes
47%
pesan
40%
piernas
40%
todavía
38%
huecos
18%
No se encontraron pruebas coincidentes
Distribución de puntuación
Porcentaje de gente con cada puntuación
Porcentaje por número respondido
Historial de tus puntuaciones
No has intentado esta prueba.